Farmers in the forest : (Record no. 12132)

000 -LEADER
fixed length control field 00960cam a2200253 i 4500
020 ## - INTERNATIONAL STANDARD BOOK NUMBER
ISBN 0824803663
040 ## - CATALOGING SOURCE
Transcribing agency DLC
082 00 - DEWEY DECIMAL CLASSIFICATION NUMBER
Classification number 333 PUB 1978 A017 Or.
245 00 - TITLE STATEMENT
Title Farmers in the forest :
Remainder of title economic development and marginal agriculture in northern Thailand /
260 ## - PUBLICATION, DISTRIBUTION, ETC. (IMPRINT)
Place of publication Honolulu :
Name of publisher Published for the East-West Center by the University Press of Hawaii,
Year of publication c1978.
300 ## - PHYSICAL DESCRIPTION
Number of Pages vi, 402 p. :
Other physical details ill. ;
Dimensions 24 cm.
500 ## - GENERAL NOTE
General note "An East-West Center book."
500 ## - GENERAL NOTE
General note "This book grew out of a conference on upland agriculture in northern Thailand, organized by the editors and held on the campus of Chiang Mai University in January 1970."
500 ## - GENERAL NOTE
General note Includes index.
650 #0 - SUBJECT ADDED ENTRY--TOPICAL TERM
Topical Term Shifting cultivation
650 #0 - SUBJECT ADDED ENTRY--TOPICAL TERM
Topical Term Hill farming
650 #0 - SUBJECT ADDED ENTRY--TOPICAL TERM
Topical Term Land use, Rural
650 #0 - SUBJECT ADDED ENTRY--TOPICAL TERM
Topical Term Rural development
700 1# - ADDED ENTRY--PERSONAL NAME
Personal name Kunstadter, Peter.
700 1# - ADDED ENTRY--PERSONAL NAME
Personal name Chapman, E. C.
700 0# - ADDED ENTRY--PERSONAL NAME
Personal name Sanga Sabhasri.
710 2# - ADDED ENTRY--CORPORATE NAME
Corporate name or jurisdiction name as entry element Mahāwitthayālai Chīang Mai.
942 ## - ADDED ENTRY ELEMENTS (KOHA)
Koha item type សៀវភៅភាសាអង់គ្លេស
952 ## - LOCATION AND ITEM INFORMATION (KOHA)
Withdrawn status [LOCAL, KOHA] 0
Holdings
Permanent Location Date acquired Koha item type Lost status Shelving location Barcode Current Location Full call number
Library Block A2017-08-10សៀវភៅភាសាអង់គ្លេស A017A21695Library Block A333 PUB 1978 A017 Or.
មជ្ឈមណ្ឌលឯការនៃសាកលវិទ្យាល័យភូមិន្ទកសិកម្មចំការដូង

Powered by Koha